000 00238nam a2200109 4500
082 _aPUR
100 _aPuri, LD
245 _aPractical Handbook of RCC Design
260 _aIndia:
_bSatya Prakashan,
_c1995.
300 _a348p. ;
942 _cBK
999 _c9156
_d9156